NBA 2k19 Top Players - Statistics

General Stats
  • This quiz has been taken 349 times
  • The average score is 56 of 100
Answer Stats
Team OVR Player Name % Correct
Rockets 97 James Harden
100%
Lakers 98 LeBron James
100%
Warriors 96 Kevin Durant
99%
Warriors 96 Steph Curry
99%
Pelicans 95 Anthony Davis
97%
Bucks 95 Giannis Antetokounmpo
97%
Raptors 95 Kawhi Leonard
97%
Thunder 91 Russell Westbrook
97%
Trail Blazers 91 Damian Lillard
96%
76ers 92 Joel Embiid
96%
Nuggets 93 Nikola Jokic
95%
T'Wolves 90 Karl-Anthony Towns
94%
Celtics 93 Kyrie Irving
94%
Thunder 94 Paul George
94%
Wizards 89 John Wall
92%
Warriors 88 Klay Thompson
92%
Warriors 84 Draymond Green
91%
Wizards 87 Bradley Beal
90%
Mavs 87 Luka Doncic
90%
Celtics 85 Jayson Tatum
87%
Hornets 88 Kemba Walker
86%
Cavs 81 Tristan Thompson
85%
Rockets 86 Chris Paul
84%
Jazz 87 Donovan Mitchell
84%
Jazz 89 Rudy Gobert
84%
76ers 88 Ben Simmons
83%
76ers 88 Jimmy Butler
81%
Spurs 86 DeMar DeRozan
79%
Pistons 87 Blake Griffin
78%
Suns 86 Devin Booker
77%
Warriors 88 DeMarcus Cousins
74%
Mavs 88 Kristaps Porzingis
72%
Raptors 85 Kyle Lowry
70%
Trail Blazers 86 CJ McCollum
69%
Celtics 79 Jaylen Brown
69%
Spurs 87 LaMarcus Aldridge
67%
Celtics 86 Al Horford
66%
Pistons 86 Andre Drummond
66%
Pelicans 85 Jrue Holiday
66%
Rockets 86 Clint Capela
65%
Nets 86 D'Angelo Russell
65%
Bucks 82 Khris Middleton
65%
Magic 87 Nikola Vucevic
64%
Pacers 87 Victor Oladipo
64%
Clippers 86 Tobias Harris
62%
Nuggets 81 Gary Harris
61%
Cavs 85 Kevin Love
61%
Bulls 84 Zach LaVine
61%
Clippers 83 Lou Williams
59%
Raptors 84 Marc Gasol
59%
Nuggets 82 Jamal Murray
57%
Grizzlies 85 Mike Conley
56%
Hawks 79 Trae Young
55%
Lakers 80 Brandon Ingram
54%
Kings 83 De'Aaron Fox
53%
Trail Blazers 85 Jusuf Nurkic
51%
Raptors 85 Pascal Siakam
51%
Thunder 84 Steven Adams
48%
T'Wolves 80 Andrew Wiggins
47%
Suns 83 Deandre Ayton
47%
Knicks 83 DeAndre Jordan
47%
Magic 80 Aaron Gordon
43%
Pacers 82 Domantas Sabonis
43%
Pelicans 85 Julius Randle
43%
Heat 79 Dwyane Wade
41%
Lakers 84 Kyle Kuzma
41%
Pacers 82 Myles Turner
41%
Bucks 85 Eric Bledsoe
39%
Celtics 80 Gordon Hayward
39%
Celtics 79 Marcus Smart
39%
Heat 85 Hassan Whiteside
38%
Hawks 84 John Collins
36%
Kings 83 Buddy Hield
35%
Grizzlies 80 Jaren Jackson
33%
T'Wolves 82 Derrick Rose
32%
Heat 80 Goran Dragic
32%
Bucks 83 Malcolm Brogdon
32%
Grizzlies 82 Jonas Valanciunas
31%
Nuggets 83 Paul Millsap
31%
Nuggets 80 Isaiah Thomas
30%
Nets 81 Jarrett Allen
30%
Raptors 82 Serge Ibaka
28%
Wizards 80 Dwight Howard
26%
Bulls 82 Lauri Markkanen
26%
Clippers 83 Montrezl Harrell
24%
Pacers 81 Bojan Bogdanovic
22%
Clippers 83 Danilo Gallinari
21%
Nets 81 Caris LeVert
19%
Bulls 81 Otto Porter
19%
76ers 80 JJ Redick
18%
Kings 80 Marvin Bagley
16%
Heat 80 Josh Richardson
15%
Jazz 80 Derrick Favors
14%
Celtics 80 Marcus Morris
13%
Suns 81 TJ Warren
13%
Knicks 81 Enes Kanter
12%
Bucks 80 Nikola Mirotic
10%
T'Wolves 80 Robert Covington
10%
Spurs 81 Rudy Gay
10%
Kings 80 Willie Cauley-Stein
9%
No matching quizzes found
Score Distribution
Percent of People with Each Score
Percentile by Number Answered
Your Score History
You have not taken this quiz